| 000 | 01049nam a2200289Ia 4500 | ||
|---|---|---|---|
| 003 | OSt | ||
| 005 | 20220930092746.0 | ||
| 006 | a|||||r|||| 00| 0 | ||
| 007 | ta | ||
| 008 | 220926b |||||||| |||| 00| 0 eng d | ||
| 024 | _a24318 | ||
| 037 | _cTheses | ||
| 040 |
_aCRL _cCRL _beng |
||
| 041 |
_2eng _aeng |
||
| 100 |
_aSaxena Rahul _9549646 |
||
| 110 |
_aUniversity OF Delhi. Faculty OF Medical Sciences. Department OF Pediatric _9549647 |
||
| 245 | 0 | _aOut come of protocol based management of liver abscess in children | |
| 260 | _c2014 | ||
| 650 | _aCHILDREN - DISEASES | ||
| 700 |
_a Dr. Archana Puri Gu. _9549168 |
||
| 700 |
_a Dr. Harish Kumar Pemde Gu. _9549648 |
||
| 700 |
_a Dr. M. K. Narula Gu. _9532593 |
||
| 700 |
_a Dr. Subhasis Roy Choudhury Gu. _9541726 |
||
| 700 |
_aUniversity OF Delhi. Faculty OF Medical Sciences. Department OF Pediatric _9549649 |
||
| 942 |
_cDIS _2CC |
||
| 999 |
_c884255 _d884255 |
||